Warlord Tracklist (Yung Lean) - Statistics

General Stats
  • This quiz has been taken 10 times
  • The average score is 6 of 13
Answer Stats
Hint Answer % Correct
10 Af1s
71%
2 Highway Patrol
71%
5 Hoover
71%
13 Miami Ultras
71%
1 Immortal
57%
3 Fantasy
43%
6 Fire
43%
11 Hocus Pocus
43%
12 Shawty U Know What It Do
43%
7 Stay Down
43%
8 Eye Contact
29%
9 More Stacks
14%
4 Afganistanian
0%
No matching quizzes found
Score Distribution
Percent of People with Each Score
Percentile by Number Answered
Your Score History
You have not taken this quiz